| 000 | 00670nam a2200265 a 4500 | ||
|---|---|---|---|
| 003 | AR-BaBNM | ||
| 005 | 20251128210852.0 | ||
| 008 | 082120s2002 ||||||||||||||000 | spa|| | ||
| 020 | _a950-09-1268-6 | ||
| 040 | _cAR-BaBNM | ||
| 100 | 1 | _aBarylko, Jaime | |
| 245 | 0 | 0 |
_aEducar en valores _bexigencia y alas |
| 250 | _a2ª ed. | ||
| 260 |
_aBuenos Aires _bAmeghino _c1999 |
||
| 300 | _a122 p. | ||
| 500 | _aContiene referencias bibliográficas | ||
| 650 | 4 | _aFILOSOFIA DE LA EDUCACION | |
| 650 | 4 | _aRELACION PADRES-HIJOS | |
| 650 | 4 | _aETICA | |
| 650 | 4 | _aDISCIPLINA | |
| 650 | 4 | _aEDUCACION MORAL | |
| 650 | 4 | _aAUTORIDAD | |
| 942 | _cBK | ||
| 998 | _cRAQUEL | ||
| 999 |
_c17232 _d17232 |
||